| 000 | 01225cam a22003617a 4500 | ||
|---|---|---|---|
| 003 | CHAP | ||
| 005 | 20220329142416.0 | ||
| 008 | 001205d1984 cl a r 00110 esp d | ||
| 010 | _a83073 | ||
| 011 | _a84045 | ||
| 035 | _a94564 | ||
| 040 | _cCHAP | ||
| 082 | 0 | 4 |
_a634.11 _bR39 |
| 100 | 0 | 0 |
_aRazeto Migliaro, Bruno. _994879 |
| 245 | 1 | 0 |
_aHuertos densos de manzano _c/por Bruno Razeto Migliaro |
| 260 |
_aSantiago, Chile : _bUniversidad de Chile. Facultad de Ciencias Agrarias, Veterinarias y Forestales, _c1984. |
||
| 300 |
_a96 p. : _bilus. |
||
| 490 | 0 |
_aCiencias agrícolas _v; 14 |
|
| 590 |
_aBATCH-UPD _b10 _c20130110 _lUCH01 _h0723 |
||
| 590 |
_aBATCH-UPD _b10 _c20130410 _lUCH01 _h0407 |
||
| 590 |
_aBATCH-UPD _b10 _c20130914 _lUCH01 _h0934 |
||
| 590 |
_aCONVERSION _b10 _c20130109 _lUCH01 _h1346 |
||
| 650 | 1 | 4 |
_aManzana _xCalidad. _970742 |
| 650 | 1 | 4 |
_aManzana _xChile. _970747 |
| 650 | 1 | 4 |
_aManzana _xCrecimiento. _970753 |
| 650 | 1 | 4 |
_aManzana _xPropagación. _970798 |
| 650 | 1 | 4 |
_aManzana _xRendimiento. _970802 |
| 830 | 0 | 0 |
_aCiencias agrícolas _v; 14 _923171 |
| 901 | _aBK | ||
| 905 | _aPatricia Mendoza P. | ||
| 942 | _cLIBRO | ||
| 949 |
_a634.11 R39 _bBC _cLIBRO _d33724000812723 _eLIBRO _h98975 _i94564 _kDonaciØn _si |
||
| 999 |
_c83073 _d83073 |
||